| 000 | 00965cam a2200253 4500 | ||
|---|---|---|---|
| 001 | J104051 | ||
| 008 | 000000n1999 000 0 eng u | ||
| 035 | _a(Sirsi) u104051 | ||
| 050 | _a614.76 | ||
| 100 | _aGuthrie, P.M. | ||
| 245 | _aWaste minimisation and recycling in construction - technical review | ||
| 260 |
_aLondon _bCIRIA _c1999 |
||
| 300 | _a144p. ; 30cm. | ||
| 490 |
_aProject Report _v28 |
||
| 520 | _aThis review provides details of waste management information gathered during audits of a range of types of construction sites. It offers feedback in designers' attitudes to waste minimisation and presents guidance on constraints and opportunities for promoting waste minimisation and recycling in construction. | ||
| 650 | _aDEMOLITION SITES | ||
| 650 | _aRECYCLING | ||
| 650 | _aBUILDING SITES | ||
| 650 | _aWASTE MANAGEMENT | ||
| 690 | _aBUILT ENVIRONMENT | ||
| 700 | _aCoventry, S J | ||
| 700 | _aWoolveridge, A C | ||
| 942 | _n0 | ||
| 999 |
_c100203 _d100203 |
||